Crepúsculo en Oslo / (Record no. 181423)

MARC details
000 -LEADER
campo de control de longitud fija 00813nam a2200229 i 4500
001 - NÚMERO DE CONTROL
campo de control 181423
003 - IDENTIFICADOR DE NÚMERO DE CONTROL
campo de control ES-MaACL
005 - FECHA Y HORA DE LA ÚLTIMA TRANSACCIÓN
campo de control 20251003063156.0
008 - DATOS DE LONGITUD FIJA--INFORMACIÓN GENERAL
campo de control de longitud fija 130114s2011 sp | |||||||| | spa d
080 ## - NÚMERO DE LA CLASIFICACIÓN DECIMAL UNIVERSAL
Número de la Clasificación Decimal Universal 821.113.5-31"19"
100 1# - ENTRADA PRINCIPAL--NOMBRE DE PERSONA
Nombre de persona Holt, Anne,
Fechas asociadas al nombre 1958-
9 (RLIN) 152059
245 10 - MENCIÓN DEL TÍTULO
Título Crepúsculo en Oslo /
Mención de responsabilidad, etc. Anne Holt ; [traducción de Cristina Gómez Baggethun].
260 ## - PUBLICACIÓN, DISTRIBUCIÓN, ETC.
Lugar de publicación, distribución, etc. [Madrid] :
Nombre del editor, distribuidor, etc. Diario Público,
Fecha de publicación, distribución, etc. D.L. 2011-
300 ## - DESCRIPCIÓN FÍSICA
Extensión 2 v. (233, 219 p.) ;
Dimensiones 18 cm.
490 1# - MENCIÓN DE SERIE
Mención de serie Colección Novela negra
700 1# - ENTRADA AGREGADA--NOMBRE PERSONAL
Nombre de persona Gómez Baggethun, Cristina.
9 (RLIN) 152060
830 0# - PUNTO DE ACCESO ADICIONAL DE SERIE-TÍTULO UNIFORME
Título uniforme Novela negra
9 (RLIN) 191448
852 ## - LOCALIZACIÓN
Ubicación ES-MaACL
Número de control de estantería A-12431
Designación de la unidad física v.1
itemnumber 188323
Sublocalización o colección R.148374
Ubicación en estantería Depósito 1
Signatura antigua Olim: N-5436
852 ## - LOCALIZACIÓN
Ubicación ES-MaACL
Número de control de estantería A-12432
Designación de la unidad física v.2
itemnumber 200609
Sublocalización o colección R.148374
Ubicación en estantería Depósito 1
Signatura antigua Olim: N-5437
942 ## - ELEMENTOS DE ENTRADA SECUNDARIOS (KOHA)
Fuente del sistema de clasificación o colocación Clasificación decimal universal
Tipo de ítem Koha Libro impreso
Holdings
Estatus retirado Estado de pérdida Fuente del sistema de clasificación o colocación Estado de daño No para préstamo Biblioteca de origen Biblioteca actual Ubicación en estantería Fecha de adquisición Fuente de adquisición Enumeración/cronología de publicación seriada Total de préstamos Signatura topográfica completa Código de barras Visto por última vez Precio de reemplazo Tipo de ítem Koha
    Clasificación decimal universal     Biblioteca del Ateneo de Madrid Biblioteca del Ateneo de Madrid Depósito 1 14/01/2013 Donación v.1   A-12431 1190664 23/02/2023 23/02/2023 Libro impreso
    Clasificación decimal universal     Biblioteca del Ateneo de Madrid Biblioteca del Ateneo de Madrid Depósito 1 14/01/2013 Donación v.2   A-12432   10/10/2023 23/02/2023 Libro impreso